The Duncan Campbell Scott Symposium /

Bibliographic Details
Corporate Author: Duncan Campbell Scott Symposium University of Ottawa
Other Authors: Stich, K. Peter
Format: Conference Proceeding Book
Language:English
Published: Ottawa, Canada : University of Ottawa Press, 1980.
Series:Re-appraisals, Canadian writers.
Subjects:

MARC

Tag First Indicator Second Indicator Subfields
LEADER 00000cam a2200000 a 4500
001 in00000084949
005 20151008054428.0
008 810209s1980 oncc b 10010 engm
010 |a  81452272  
015 |a C*** 
020 |a 2760343863 (pbk.) 
035 |a (OCoLC)07284242 
035 |9 AAJ0636AM 
040 |a DLC  |c DLC  |d m.c.  |d TXA  |d UtOrBLW 
043 |a n-cn--- 
049 |a TXAM  |c [1406870] 
050 0 0 |a PR9199.3.S33  |b Z64 1979 
082 0 |a 818/.5209  |2 19 
111 2 |a Duncan Campbell Scott Symposium  |d (1979 :  |c University of Ottawa) 
245 1 4 |a The Duncan Campbell Scott Symposium /  |c edited and with an introduction by K.P. Stich. 
264 1 |a Ottawa, Canada :  |b University of Ottawa Press,  |c 1980. 
300 |a xiv, 157 pages :  |b portrait ;  |c 23 cm. 
336 |a text  |b txt  |2 rdacontent 
337 |a unmediated  |b n  |2 rdamedia 
338 |a volume  |b nc  |2 rdacarrier 
490 1 |a Reappraisals : Canadian writers 
504 |a Bibliography: pages 147-155. 
600 1 0 |a Scott, Duncan Campbell,  |d 1862-1947  |x Congresses. 
650 0 |a Authors, Canadian  |y 20th century  |v Biography  |x Congresses. 
700 1 |a Stich, K. Peter. 
830 0 |a Re-appraisals, Canadian writers. 
999 |a MARS 
999 f f |s 99bdcd8c-b3c3-31c4-acd6-134417e71cb9  |i b4eb3798-0e7c-3627-9cdc-fc36f492f917  |t 0 
952 f f |p ric  |a Texas A&M University  |b Rellis Campus  |c Joint Library Facility  |d Remote Storage  |t 0  |e PR9199.3.S33 Z64 1979  |h Library of Congress classification  |i unmediated -- volume  |m A14806188162 
998 f f |a PR9199.3.S33 Z64 1979  |t 0  |l Remote Storage